Legião Urbana - morte súbida - Statistics

Estatísticas Gerais
  • Esse quiz foi jogado 96 vezes
  • A pontuação média é 10 de 16
Answers on the Grid
Answers color-coded by a green-red scale on the quiz's grid according to % correct below.
pais e filhos
geração coca cola
vento no litoral
faroeste cabloco
o tempo não para
central do Brasil
tempo perdido
indios
que país é esse
palavras no corpo
eternamente
ainda é cedo
dezesseis
giz
metal contra as nuvens
monte castelo
eu sei
angra dos reis
meninos e meninas
apesar de você
sozinho
minha vida
 
Estatísticas das Respostas
Resposta % Correto
pais e filhos
100%
faroeste cabloco
92%
tempo perdido
83%
geração coca cola
81%
indios
79%
que país é esse
77%
ainda é cedo
69%
monte castelo
62%
vento no litoral
60%
meninos e meninas
56%
angra dos reis
52%
giz
48%
metal contra as nuvens
48%
dezesseis
44%
eu sei
44%
central do Brasil
31%
Nenhum quiz correspondente encontrado
Distribuição das Pontuações
Porcentagem de Pessoas com Cada Pontuação
Percentil de Números Respondidos
Sua Pontuação Histórica
Você não jogou esse quiz